| 000 | 00579nam a2200205Ia 4500 | ||
|---|---|---|---|
| 003 | GCL | ||
| 005 | 20240530102331.0 | ||
| 008 | 140319s9999 xx 000 0 ara d | ||
| 040 |
_aGCL / _cGCL |
||
| 082 | 0 | 4 |
_a923.9 _bا ر |
| 245 | 1 | 0 | _aالرحلة والرحالة المسلمون |
| 260 |
_a[S.N] : _bدار البيان العربى |
||
| 300 | _a408 | ||
| 650 | 0 | 4 | _aالرحالة |
| 650 | 0 | 4 | _aالرحالة العرب |
| 650 | 0 | 4 | _aالرحالة المسلمون |
| 650 | 0 | 4 | _aالرحالة - مصر |
| 650 | 0 | 4 | _aالرجال - تراجم |
| 942 |
_2ddc _cBK |
||
| 999 |
_c31496 _d31496 |
||